ბათუმის შოთა რუსთაველის სახელმწიფო უნივერსიტეტის ბიბლიოთეკა

Создание человеческих способностей : (ბიბ.ჩანაწერი № 58283)

000 -LEADER
fixed length control field 00872nam a22002057a 4500
005 - DATE AND TIME OF LATEST TRANSACTION
control field 20211021130816.0
008 - FIXED-LENGTH DATA ELEMENTS--GENERAL INFORMATION
fixed length control field 211021s2007 ru ||||| |||| 00| 0 rus d
020 ## - INTERNATIONAL STANDARD BOOK NUMBER
International Standard Book Number 9788776870737
041 ## - LANGUAGE CODE
Language code of text/sound track or separate title rus
080 ## - UNIVERSAL DECIMAL CLASSIFICATION NUMBER
Universal Decimal Classification number 159.964 Х-12
100 ## - MAIN ENTRY--PERSONAL NAME
Personal name Хаббард, Рональд Лафайет
9 (RLIN) 12701
245 ## - TITLE STATEMENT
Title Создание человеческих способностей :
Remainder of title Настольная книга для саентологов /
Statement of responsibility, etc. Л. Рон Хаббард.
264 ## - PRODUCTION, PUBLICATION, DISTRIBUTION, MANUFACTURE, AND COPYRIGHT NOTICE
Place of production, publication, distribution, manufacture М. :
Name of producer, publisher, distributor, manufacturer "Нью Эра",
Date of production, publication, distribution, manufacture, or copyright notice 2006.
300 ## - PHYSICAL DESCRIPTION
Extent 529 с. :
Other physical details рис. ;
Dimensions 24см.
653 ## - INDEX TERM--UNCONTROLLED
keyword Создание человеческих способностей
653 ## - INDEX TERM--UNCONTROLLED
keyword დიანეტიკა.
653 ## - INDEX TERM--UNCONTROLLED
keyword საენტოლოგია.
653 ## - INDEX TERM--UNCONTROLLED
keyword ადამიანის განსაკუთრებული უნარი.
942 ## - ADDED ENTRY ELEMENTS (KOHA)
Source of classification or shelving scheme
Koha item type წიგნი
ეგზემპლარები
Withdrawn status Lost status Source of classification or shelving scheme Damaged status Not for loan Permanent Location Current Location Shelving location Date acquired Cost, normal purchase price Full call number Barcode Date last seen Copy number Price effective from Koha item type Public note
          ბათუმის შოთა რუსთაველის სახელმწიფო უნივერსიტეტის მთავარი ბიბლიოთეკა ბათუმის შოთა რუსთაველის სახელმწიფო უნივერსიტეტის მთავარი ბიბლიოთეკა წიგნსაცავი 2021-10-21 32.87 159.964 Х-12 61895 2021-10-21 61895 2021-10-21 წიგნი 32 ლ. 87 თ.